00437nam a2200157Ia 4500001000500000005001700005008004100022041000800063082001500071100003900086245010100125260000900226300002800235650000800263654000800271496620260306145833.0260306t1993||||xx |||||||||||||| ||spa|| aESP a332.1bM26 aMarthans León, Juan José,eAUT 0aLa banca en los programas de estabilización :btres años de politica financiera en el Perú c1993 a242 páginas :c20 cm. aGEN aCAN